Giáo trình Tiếng Việt 1: Dành cho học viên ngành Giáo dục tiểu học Hệ đào tạo Tại chức và Từ xa

Trình bày đại cương về ngôn ngữ học, bản chất và nguồn gốc của ngôn ngữ học. Phân loại ngôn ngữ, ý nghĩa ngôn ngữ

Bewaard in:
Bibliografische gegevens
Hoofdauteur: Lê, A
Formaat: Boek
Taal:Undetermined
Gepubliceerd in: Hà Nội Đại học Sư phạm 2005
Onderwerpen:
Tags: Voeg label toe
Geen labels, Wees de eerste die dit record labelt!
Thư viện lưu trữ: Trung tâm Học liệu Trường Đại học Cần Thơ
LEADER 00910nam a2200217Ia 4500
001 CTU_161043
008 210402s9999 xx 000 0 und d
082 |a 495.922 
082 |b A100/T.1 
100 |a Lê, A 
245 0 |a Giáo trình Tiếng Việt 1: 
245 0 |b Dành cho học viên ngành Giáo dục tiểu học Hệ đào tạo Tại chức và Từ xa 
245 0 |c Lê A, Đỗ Xuân Thảo 
260 |a Hà Nội 
260 |b Đại học Sư phạm 
260 |c 2005 
520 |a Trình bày đại cương về ngôn ngữ học, bản chất và nguồn gốc của ngôn ngữ học. Phân loại ngôn ngữ, ý nghĩa ngôn ngữ 
650 |a Vietnamese language,Tiếng Việt 
650 |x Study and teaching,Dạy và học 
904 |i Thuỳ, Năm 
980 |a Trung tâm Học liệu Trường Đại học Cần Thơ